000 00556nam a22002177a 4500
003 UA-OsUOA
001 44290
007 ta
008 20070219b un ||||| |||| 00| 0 ukr d
100 _aБерезовський М.
090 _a908
_bБ-11
942 _cSA
040 _aUA-OsUOA
_bukr
_cUA-OsUOA
_dUA-OsUOA
245 _aСоціально-економічний стан Острозького району
300 _aС.3
955 _a0
041 _aukr
080 _a908
773 0 _w44289
650 7 _a908 Краєзнавство
_2UDC
999 _c330408
_d330408